Foundations of marketing / (Record no. 11692)
[ view plain ]
| 000 -LEADER | |
|---|---|
| fixed length control field | 00862nac a22002051u 4500 |
| 008 - FIXED-LENGTH DATA ELEMENTS--GENERAL INFORMATION | |
| fixed length control field | 090530t xxu||||| |||| 00| 0 eng d |
| 020 ## - INTERNATIONAL STANDARD BOOK NUMBER | |
| International Standard Book Number | 9780618973378 (hbk. : library ed.) |
| 020 ## - INTERNATIONAL STANDARD BOOK NUMBER | |
| International Standard Book Number | 0618973370 (hbk. : library ed.) |
| 082 ## - DEWEY DECIMAL CLASSIFICATION NUMBER | |
| Classification number | 658.8 |
| Item number | PRI |
| 100 ## - MAIN ENTRY--PERSONAL NAME | |
| Personal name | Pride, William M. |
| 9 (RLIN) | 5628 |
| 245 10 - TITLE STATEMENT | |
| Title | Foundations of marketing / |
| Statement of responsibility, etc | William M. Pride, O.C. Ferrell. |
| 250 ## - EDITION STATEMENT | |
| Edition statement | 3rd ed. |
| 260 ## - PUBLICATION, DISTRIBUTION, ETC. (IMPRINT) | |
| Place of publication, distribution, etc | Boston : |
| Name of publisher, distributor, etc | Houghton Mifflin Co., |
| Date of publication, distribution, etc | c2009. |
| 300 ## - PHYSICAL DESCRIPTION | |
| Extent | xxi, 569 p. : |
| Other physical details | ill. (some col.) ; |
| Dimensions | 29 cm. |
| 504 ## - BIBLIOGRAPHY, ETC. NOTE | |
| Bibliography, etc | Includes bibliographical references and index. |
| 650 #0 - SUBJECT ADDED ENTRY--TOPICAL TERM | |
| Topical term or geographic name as entry element | Marketing. |
| 9 (RLIN) | 5629 |
| 700 1# - ADDED ENTRY--PERSONAL NAME | |
| Personal name | Ferrell, O. C. |
| 9 (RLIN) | 5630 |
| 942 ## - ADDED ENTRY ELEMENTS (KOHA) | |
| Item type | Book - Borrowing |
| Call number prefix | 658.8PRI |
| Source of classification or shelving scheme | Dewey Decimal Classification |
| Withdrawn status | Item status | Source of classification or shelving scheme | Damaged status | Not for loan | Vendor | Home library | Current library | Shelving location | Date acquired | Source of acquisition | Cost, normal purchase price | Serial Enumeration / chronology | Total Checkouts | Total Renewals | Full call number | Barcode | Date last seen | Date last borrowed | Koha item type |
|---|---|---|---|---|---|---|---|---|---|---|---|---|---|---|---|---|---|---|---|
| Dewey Decimal Classification | Alahram | Central Library | Central Library | First floor | 30/05/2009 | 204.00 | 364 | 3 | 8 | 658.8 PRI | 000016548 | 15/07/2025 | 06/07/2021 | Book - Borrowing |